Improving Teacher Education Practices Through Self- Study / (Record no. 201972)

MARC details
000 -LEADER
fixed length control field 00918nam a22002777a 4500
003 - CONTROL NUMBER IDENTIFIER
control field dpl
005 - DATE AND TIME OF LATEST TRANSACTION
control field 20240408151856.0
008 - FIXED-LENGTH DATA ELEMENTS--GENERAL INFORMATION
fixed length control field 240408b |||||||| |||| 00| 0 eng d
010 ## - LIBRARY OF CONGRESS CONTROL NUMBER
LC control number B-7586225
020 ## - INTERNATIONAL STANDARD BOOK NUMBER
Terms of availability 0.00
International Standard Book Number 9780415276702
035 ## - SYSTEM CONTROL NUMBER
System control number B-758625
037 ## - SOURCE OF ACQUISITION
Source of stock number/acquisition Gift/Unesco
040 ## - CATALOGING SOURCE
Original cataloging agency DPL
Language of cataloging EN
Transcribing agency 0
082 ## - DEWEY DECIMAL CLASSIFICATION NUMBER
Classification number 370
100 ## - MAIN ENTRY--PERSONAL NAME
9 (RLIN) 3562
245 ## - TITLE STATEMENT
Title Improving Teacher Education Practices Through Self- Study /
Statement of responsibility, etc Edited by-John Loughran [and] Tom Russell
260 ## - PUBLICATION, DISTRIBUTION, ETC. (IMPRINT)
Place of publication, distribution, etc New York
Name of publisher, distributor, etc Routledge Falmer
Date of publication, distribution, etc 2002
270 ## - ADDRESS
City 29 West 35th Street,
Address New York
Postal code 10001
300 ## - PHYSICAL DESCRIPTION
Extent xv,256p. :
Dimensions 23cm(Hb)
Other physical details Index
500 ## - GENERAL NOTE
General note Includes bibliographical references and index
650 ## - SUBJECT ADDED ENTRY--TOPICAL TERM
Topical term or geographic name as entry element Education, Compulsory -- India -- History.
9 (RLIN) 17518
650 ## - SUBJECT ADDED ENTRY--TOPICAL TERM
Topical term or geographic name as entry element Education and state -- India.
9 (RLIN) 9573
700 ## - ADDED ENTRY--PERSONAL NAME
Personal name Loughran, John
9 (RLIN) 17519
700 ## - ADDED ENTRY--PERSONAL NAME
Personal name Russell , Tom
9 (RLIN) 64393
942 ## - ADDED ENTRY ELEMENTS (KOHA)
Source of classification or shelving scheme Dewey Decimal Classification
Koha item type English Books
Classification part 370
Call number suffix IMP
Holdings
Withdrawn status Lost status Source of classification or shelving scheme Damaged status Not for loan Collection code Home library Current library Date acquired Source of acquisition Cost, normal purchase price Total Checkouts Total Renewals Full call number Barcode Date last seen Date checked out Copy number Cost, replacement price Price effective from Koha item type Public note
    Dewey Decimal Classification     Non-fiction Central Library Central Library 08/04/2024 Gift/4.4.24 0.00 1 1 370 IMP B-758625 25/09/2024 04/09/2024 1 0.00 08/04/2024 English Books Gift

© Delhi Public Library
Hit Counter
free hit counter